| 000 | 01033nam a2200241Ia 4500 | ||
|---|---|---|---|
| 001 | 291.09-BOU al br (18519) | ||
| 003 | IT-MiSPE | ||
| 008 | 171229s9999||||xx |||||||||||||| ||und|| | ||
| 040 |
_aIT-MiSPE _cIT-MiSPE |
||
| 041 | _aITALIANO | ||
| 100 | _aAlan Coates Bouquet | ||
| 240 | _aComparative Religion | ||
| 245 | 0 | _aBreve storia delle religioni | |
| 250 | _a1a ed. (v) | ||
| 260 |
_aMilano _bMondadori _c1972 |
||
| 300 |
_a404 p. _c19 cm |
||
| 490 |
_aOscar _v393 |
||
| 500 | _aReligioni comparate - Storia | ||
| 501 | _aEdizioni San Paolo srl - Piazza Soncino, 5 - 20092 CINISELLO BALSAMO (MI) (non commercial uses only) ® Copyright 2018 | ||
| 942 | _cBK | ||
| 957 | _71 | ||
| 999 |
_a4918 _bNO _g Copie: 1 _c349903 _d349903 |
||